009970000a22002290004500001000700000010002300007090001100030100004100041200012500082210004600207215002800253225002800281300023300309606003900542675001900581675002500600700004600625702003800671801001800709830002900727990001100756202107 aISBN 972-20-0677-0 a202107 a20220331 frey50  aVergílio FerreirafJ. L. Gavilanes Lasoeespaço simbólico e metafísicogtradução de António José Massano aLisboacPublicações Dom Quixoted1989 a348 p.ebrochadod23 cm aEstudos Portuguesesv21 aEnsaio sobre a obra de Vergílio Ferreira, constituído pela tese de doutoramento do autor, defendida em Junho em 1987 na Universidade de Salamanca. Contém dedicatória e notas do Prof. Dr. Almeida Faria na folha de guarda  aLiteratura Portuguesa Ensaio91822 a82.09vPTzpor a821.134.3-4vPTzpor aLasof1944-bJosé Luis Gavilanes917272 910222aMassanobAntónio José  aPTbBMMNgRPC cAna FalardofAna Falardo cLIVROS